| 000 | 01207cam a22003614a 4500 | ||
|---|---|---|---|
| 001 | 12411507 | ||
| 003 | OSt | ||
| 005 | 20140310182814.0 | ||
| 008 | 010517s2002 njua b 001 0 eng | ||
| 010 | _a 2001033927 | ||
| 020 | _a0130918369 (pbk.) | ||
| 040 |
_aDLC _cDLC _dDLC |
||
| 042 | _apcc | ||
| 050 | 0 | 0 |
_aGN25 _b.E53 2002 |
| 082 | 0 | 0 |
_aM 301 _b.Em1 2002 |
| 100 | 1 | _aEmber, Carol R. | |
| 245 | 1 | 0 |
_aAnthropology / _cEmber, Carol R. |
| 250 | _a10th ed. | ||
| 260 |
_aUpper Saddle River, N.J. : _bPrentice Hall, _cc2002. |
||
| 300 |
_axix, 645 p. : _bill. (some col.) ; _c28 cm. + _e1 CD-ROM (4 3/4 in.) |
||
| 504 | _aIncludes bibliographical references (p. 582-621) and index. | ||
| 521 | _aCollege Students | ||
| 526 | _c1210L-1700L | ||
| 541 | _j1 | ||
| 541 | _j2 | ||
| 562 | _eFor circulation. 2 copies available in the collection | ||
| 650 | 0 | _aAnthropology. | |
| 700 | 1 | _aEmber, Melvin. | |
| 700 | 1 |
_aPeregrine, Peter N. _q(Peter Neal), _d1963- |
|
| 906 |
_a7 _bcbc _corignew _d1 _eocip _f20 _gy-gencatlg |
||
| 942 |
_2lcc _cBK _kM |
||
| 999 |
_c16228 _d16228 |
||